| 000 | 00622nam a2200229Ia 4500 | ||
|---|---|---|---|
| 003 | OSt | ||
| 005 | 20250918095138.0 | ||
| 008 | 210210b2011 xxu||||| |||| 00| 0 eng d | ||
| 040 | _cAL | ||
| 041 | _aTulu | ||
| 082 | _aT894.2 ANAM | ||
| 100 |
_aANANDAKRASHNA Psued D K Chauta _9138744 _dಡಿ ಕೆ ಚೌಟ |
||
| 245 |
_aMuji muttu muji loka _bಮೂಜಿ ಮುಟ್ಟು ಮೂಜಿ ಲೋಕ |
||
| 260 |
_aBengaluru _b- _c2011 |
||
| 300 | _a135 | ||
| 650 |
_amuTTu _9138745 |
||
| 650 |
_aMUji _9138746 |
||
| 650 |
_alOka _9138747 |
||
| 690 |
_aTulu Drama _9138748 |
||
| 906 | _a067273 | ||
| 942 |
_2ddc _cBK |
||
| 999 |
_c149578 _d149578 |
||